000 00413nam a2200181Ia 4500
005 20240823005957.0
008 240823s9999||||xx |||||||||||||| ||und||
041 _aENGLISH
082 _A331.89 N9
100 _aNarayan B
245 0 _aLabour Management
250 _a1st
260 _c1991
_b"APH,New Delhi"
500 _aYES
650 _aManagement
_bManagement Studies
942 _cBK
999 _c157280
_d157280